000 00278nam a22001337a 4500
008 181017b xxu||||| |||| 00| 0 eng d
020 _a9780030565441
041 _aeng
080 _a530
100 _a43
101 _aFIZ
245 _aPhysics
_cSerway,R.A
942 _2udc
_cBK
999 _c50019
_d50019